Introduction to Switching Theory & Logical Design 3rd Ed. (Record no. 21578)

MARC details
000 -LEADER
fixed length control field 00350nam a22001337a 4500
008 - FIXED-LENGTH DATA ELEMENTS--GENERAL INFORMATION
fixed length control field 251013b |||||||| |||| 00| 0 eng d
020 ## - INTERNATIONAL STANDARD BOOK NUMBER
ISBN 0-471-09875-2
100 ## - MAIN ENTRY--AUTHOR NAME
Personal name F. J. Hill
245 ## - TITLE STATEMENT
Title Introduction to Switching Theory & Logical Design 3rd Ed.
250 ## - EDITION STATEMENT
Edition statement 3rd Ed.
260 ## - PUBLICATION, DISTRIBUTION, ETC. (IMPRINT)
Place of publication New York
Name of publisher John Wiley
Year of publication 1981
300 ## - PHYSICAL DESCRIPTION
Number of Pages 617
942 ## - ADDED ENTRY ELEMENTS (KOHA)
Source of classification or shelving scheme Dewey Decimal Classification
Koha item type Books
Holdings
Accession Number Source of acquisition Price effective from Koha item type Withdrawn / writtenoff status Damaged status Not for loan Permanent Location Current Location Shelving location Date acquired Lost/ Missing status department
BB 1546 Received From Director Office (Donated) 10/13/2025 Books       MIET Library, Jammu MIET Library, Jammu 73/3 10/09/2025   BB